000 00616cam a2200193 4500
008 020125n1999 000 0 eng u
020 _a0884152871
035 _a(Sirsi) u116476
100 _aPage, J.
245 _aEstimator's equipment installation man-hour manual
250 _a3rd ed.
260 _aHouston, Tex.
_bGulf
_c1999
300 _axix,212p.
_c23cm.
350 _a55.00
520 _aAn American guide to making man-hour estimates for the installation of equipment. Figures are given in imperial units.
650 _aESTIMATING
690 _aBUILDING AND CONSTRUCTION-ENGINEERING
942 _n0
999 _c101862
_d101862